<?xml version="1.0" encoding="UTF-8"?>
<record
    xmlns:xsi="http://www.w3.org/2001/XMLSchema-instance"
    xsi:schemaLocation="http://www.loc.gov/MARC21/slim http://www.loc.gov/standards/marcxml/schema/MARC21slim.xsd"
    xmlns="http://www.loc.gov/MARC21/slim">

  <leader>03847nam a22004097a 4500</leader>
  <controlfield tag="001">BRCA_8528</controlfield>
  <controlfield tag="002">W-144</controlfield>
  <controlfield tag="003">FranzMayer</controlfield>
  <controlfield tag="005">20260505134939.0</controlfield>
  <controlfield tag="006">a||||gr|||| 00| 0 </controlfield>
  <controlfield tag="007">ad |azz|</controlfield>
  <controlfield tag="008">251006s1657    ne b|||g |||| 00| 0 lat d</controlfield>
  <datafield tag="040" ind1=" " ind2=" ">
    <subfield code="a">BMFM</subfield>
    <subfield code="b">spa</subfield>
  </datafield>
  <datafield tag="041" ind1="0" ind2=" ">
    <subfield code="a">lat</subfield>
  </datafield>
  <datafield tag="050" ind1=" " ind2="4">
    <subfield code="a">G1059</subfield>
    <subfield code="b">.A85 1657</subfield>
  </datafield>
  <datafield tag="100" ind1="1" ind2=" ">
    <subfield code="a">Janssonius, Johannes</subfield>
    <subfield code="d">(1588-1664)</subfield>
    <subfield code="e">autor</subfield>
    <subfield code="e">editor</subfield>
    <subfield code="9">30057</subfield>
  </datafield>
  <datafield tag="245" ind1="1" ind2="0">
    <subfield code="a">Atlantis majoris quinta pars, orbem maritimum, seu Omnium Marium Orbis Terrarum Navigationibus hodierno temporum frequentatorum descriptionem accuratissimam continens /</subfield>
    <subfield code="c">Johannes Janssonius</subfield>
  </datafield>
  <datafield tag="246" ind1="1" ind2="1">
    <subfield code="a">Quinta parte del Atlas Mayor, que contiene una descripci&#xF3;n sumamente precisa del mundo mar&#xED;timo, o de todos los mares del mundo entero, frecuentados por la navegaci&#xF3;n en la actualidad</subfield>
  </datafield>
  <datafield tag="260" ind1=" " ind2=" ">
    <subfield code="a">Amsterdam, Pa&#xED;ses Bajos : </subfield>
    <subfield code="b">Johannes, Janssonius,</subfield>
    <subfield code="c">1657</subfield>
  </datafield>
  <datafield tag="300" ind1=" " ind2=" ">
    <subfield code="a">326 p&#xE1;ginas :</subfield>
    <subfield code="b">grabado ; </subfield>
    <subfield code="c">52.3 x 24.5 x 6 cm</subfield>
  </datafield>
  <datafield tag="520" ind1="3" ind2=" ">
    <subfield code="a">Altas, publicado por primera vez en 1638 en holand&#xE9;s. Tiempo despu&#xE9;s, en 1650 y 1657, se edit&#xF3; en lat&#xED;n como la "quinta pars" de "Atlas Novus" de Janssonius.</subfield>
    <subfield code="b"> El presente ejemplar corresponde a la edici&#xF3;n de 1650. Ha sido considerado el primer Atlas mar&#xED;timo de los Pa&#xED;ses Bajos y el antecedente de otros atlas holandeses producidos por cart&#xF3;grafos como Colom, Doncker y Goos. Compila en su interior varias cartas marinas, grabadas a doble p&#xE1;gina, en las que se representaron las aguas navegables y costas del mundo.</subfield>
  </datafield>
  <datafield tag="563" ind1=" " ind2=" ">
    <subfield code="a">Otras referencias f&#xED;sicas: Encuadernaci&#xF3;n entera en pergamino. El papel del cuerpo del libro est&#xE1; formado por pulpa de trapo, hecho a mano, con marcas de verjurado. El cuerpo del libro est&#xE1; formado por cuadernillos unidos mediante costura seguida sobre seis soportes de costura sencillos y elevados, de piel alumada. No es claro si las prolongaciones de los soportes se usaron para enlazar el cuerpo a la cartera o si fueron a&#xF1;adidas. Los cuadernillos parecen ser escartivanas a las que se adhirieron l&#xE1;minas y hojas. Las hojas de guarda son reposiciones y tienen la marca de agua Gacela Bond. Lomera ligeramente redonda con endoses de tela en los siete paneles. Cabezadas perdidas. Cantos del cuerpo refinados, dorados y pulidos. Decoraci&#xF3;n con dorado en tapas y lomo. Tejuelo rojo en la casilla dos del lomo. Soportes de cart&#xF3;n en las tapas y dentro de la cartera una cubierta de pergamino. La cartera tiene extensiones en el frente y sus cierres est&#xE1;n perdidos. Texto impreso</subfield>
  </datafield>
  <datafield tag="591" ind1=" " ind2=" ">
    <subfield code="a">Estado de Conservaci&#xF3;n: Bueno</subfield>
  </datafield>
  <datafield tag="591" ind1=" " ind2=" ">
    <subfield code="b">Descripci&#xF3;n de conservaci&#xF3;n: Libro con intervenciones: hojas de guarda repuestas y reforzadas. Presenta manchas y suciedad leve (especialmente en las primeras y &#xFA;ltimas p&#xE1;ginas), algunas roturas y dobleces en las l&#xE1;minas, galer&#xED;as, foxing, oxidaci&#xF3;n del papel, roturas en la cartera y faltante en el lomo. Cierres perdidos</subfield>
  </datafield>
  <datafield tag="592" ind1=" " ind2=" ">
    <subfield code="a">Marcas Adicionales: 32 cartas geogr&#xE1;ficas grabadas a doble p&#xE1;gina. &#xCD;ndice de tablas geogr&#xE1;ficas e hidrogr&#xE1;ficas. Nota manuscrita en la portada: [Marco Orion Bermedo...]. Texto a dos columnas con apostillas marginales. Letras iniciales, xilograf&#xED;as. Portada con grabados calcogr&#xE1;ficos con escenas del Antiguo Testamento, la cartograf&#xED;a y la navegaci&#xF3;n</subfield>
  </datafield>
  <datafield tag="593" ind1=" " ind2=" ">
    <subfield code="a">Atlas geogr&#xE1;ficos</subfield>
  </datafield>
  <datafield tag="648" ind1=" " ind2="0">
    <subfield code="a">Viceroyalty period</subfield>
    <subfield code="y">Viceroyalty (1535-1821)</subfield>
    <subfield code="9">30116</subfield>
  </datafield>
  <datafield tag="650" ind1="1" ind2="0">
    <subfield code="a">Ancient geography</subfield>
    <subfield code="9">30058</subfield>
  </datafield>
  <datafield tag="650" ind1="1" ind2="0">
    <subfield code="a">Cartography</subfield>
    <subfield code="x">History</subfield>
    <subfield code="y">17th century</subfield>
    <subfield code="9">30121</subfield>
  </datafield>
  <datafield tag="650" ind1="1" ind2="0">
    <subfield code="a">Navigation</subfield>
    <subfield code="x">History</subfield>
    <subfield code="9">30061</subfield>
  </datafield>
  <datafield tag="655" ind1=" " ind2="0">
    <subfield code="a">Atlases</subfield>
    <subfield code="x">History</subfield>
    <subfield code="y">17th century</subfield>
    <subfield code="9">30064</subfield>
  </datafield>
  <datafield tag="655" ind1=" " ind2="0">
    <subfield code="a">Atlases</subfield>
    <subfield code="y">Early works to 1800</subfield>
    <subfield code="z">Netherlands</subfield>
    <subfield code="9">30065</subfield>
  </datafield>
  <datafield tag="856" ind1="4" ind2="1">
    <subfield code="q">TIF//PDF</subfield>
    <subfield code="u">https://bibliotecadigital.franzmayer.org.mx/items/ca6a522f-f22c-4960-afe0-42fa0778d5ec</subfield>
    <subfield code="y">Biblioteca Digital Franz Mayer</subfield>
  </datafield>
  <datafield tag="902" ind1=" " ind2=" ">
    <subfield code="a">KH</subfield>
    <subfield code="a">TV</subfield>
    <subfield code="a">FM</subfield>
  </datafield>
  <datafield tag="942" ind1=" " ind2=" ">
    <subfield code="2">lcc</subfield>
    <subfield code="c">B</subfield>
  </datafield>
  <datafield tag="960" ind1=" " ind2=" ">
    <subfield code="a">CS-L1-N1</subfield>
  </datafield>
  <datafield tag="999" ind1=" " ind2=" ">
    <subfield code="c">11093</subfield>
    <subfield code="d">11093</subfield>
  </datafield>
  <datafield tag="952" ind1=" " ind2=" ">
    <subfield code="a">BRCA</subfield>
    <subfield code="b">BRCA</subfield>
    <subfield code="f">CS-L1-N1</subfield>
    <subfield code="i">W-144</subfield>
    <subfield code="l">0</subfield>
    <subfield code="o">G1059 .A85 1657 (W-144)</subfield>
    <subfield code="p">LAR00035</subfield>
    <subfield code="r">2025-10-06 18:22:00</subfield>
    <subfield code="y">B</subfield>
    <subfield code="0">0</subfield>
    <subfield code="1">0</subfield>
    <subfield code="2">lcc</subfield>
    <subfield code="5">2</subfield>
    <subfield code="7">0</subfield>
    <subfield code="8">LAR</subfield>
  </datafield>
</record>
